FC26 TOTY XI - Statistics

General Stats
  • This quiz has been taken 202 times
  • The average score is 11 of 11
Answer Stats
OVR POS Team Answer % Correct
94 CM F.C Arsenal Declan Rice
99%
96 ST Man City Erling Haaland
99%
95 GK Man City Gianluigi Donnarumma
99%
96 ST Real Madrid Kylian Mbappe
99%
97 ST PSG Ousmane Dembele
99%
95 CB F.C Liverpool Virgil Van Dijk
99%
95 CM F.C Barcelona Pedri
97%
97 LB PSG Nuno Mendes
96%
94 CB Arsenal Saliba
96%
94 RB F.C Barcelona Jules Kounde
93%
95 CM PSG Vitinha
87%
No matching quizzes found
Score Distribution
Percent of People with Each Score
Percentile by Number Answered
Your Score History
You have not taken this quiz